Astrolabio
Sábháilte in:
| Príomhchruthaitheoir: | |
|---|---|
| Formáid: | LEABHAR |
| Teanga: | Spáinnis |
| Foilsithe / Cruthaithe: |
Madrid
Visor
1979
|
| Sraith: | Colección Visor Poesía, 103
|
| Ábhair: | |
| Clibeanna: |
Cuir clib leis
Níl clibeanna ann, Bí ar an gcéad duine le clib a chur leis an taifead seo!
|
MARC
| LEADER | 00000nam a2200000 a 4500 | ||
|---|---|---|---|
| 001 | UCT0939 | ||
| 003 | CL-VaPUC | ||
| 008 | 960913e19790000SP |||||||||||||||||spa|d | ||
| 082 | 0 | 4 | |a 861 |b COL |2 21 |
| 100 | 0 | |a Colinas, Antonio |e author |9 369548 | |
| 245 | 1 | 0 | |a Astrolabio |
| 300 | |a 136 p | ||
| 942 | |c BK | ||
| 945 | |d 19960913 00:00:00 |a nastorga | ||
| 260 | |a Madrid |b Visor |c 1979 | ||
| 650 | 0 | |a Poesías españolas |9 265100 | |
| 583 | |a last modification |c 19960913 00:00:00 |k Rodrigo Vera | ||
| 490 | 0 | |a Colección Visor Poesía, 103 | |
| 999 | |c 251622 |d 251620 | ||
| 952 | |0 0 |1 0 |4 0 |6 861_000000000000000_COL_1979 |7 0 |8 A |9 270910 |a FDOPOS |b FDOPOS |d 2019-11-19 |i 3231356 |o 861 COL 1979 |p 3231356 |r 2025-01-22 |w 2019-11-19 |y BK |k MLH | ||